000
00309nam a2200121Ia 4500
005
20260328104344.0
008
260328s9999||||xx |||||||||||||| ||und||
100
_a
Clayton, Susan
245
0
_a
Notre Dame Cathedral Commemorative Book /
_c
Susan Clayton
300
_a
57 p.
650
_a
IGLESIAS
942
_c
BK
999
_c
12246
_d
12246